Przystanki linii autobusowej 113 w Toruniu - Statystyki

Ogólne statystyki
  • Ten quiz został rozwiązany 20 razy
  • Średni wynik to 12 z 24
Statystyki odpowiedzi
Odpowiedź % Poprawnych
Dworzec Wschodni
94%
Plac Daszyńskiego
94%
Garbaty Mostek
88%
Przy Skarpie
88%
Rydygiera
88%
PLAC ŚWIĘTEJ KATARZYNY
81%
KOPANINO
75%
Złotoria
75%
Wianki
69%
Turystyczna
63%
Plac Daszyńskiego II
56%
Dożynkowa
38%
Księzycowa
38%
Wieżowa
31%
Złotoria - Lipowa
31%
Złotoria - Pomorska
31%
Złotoria - Pomorska
31%
Złotoria - Toruńska
31%
Dyngusowa
25%
Fantazyjna
25%
Skierki
25%
Wodna
25%
Złotoria - Akacjowa
25%
Kopanino - Przy Dębie
19%
Nie znaleziono quizów pasujących do podanych kryteriów
Rozkład punktacji
Procent ludzi z każdym wynikiem
Percentyl według liczby udzielonych odpowiedzi
Twoja historia wyników
Nie rozwiązałeś tego quizu